project sekai !! - Statistics

General Stats
  • This quiz has been taken 324 times
  • The average score is 8 of 11
Answer Stats
Question Answer % Correct
Vivid Bad Squad - which of these is a covered song? ghost city tokyo
79%
Wonderlands X Showtime - which of these is a commisioned song? glory steady go
79%
Leo/need - which of these is a commisioned song? the WALL
78%
More More Jump - which of these is a commisioned song? metamo re:born
75%
Nightcord at 25:00 - which of these is a commisioned song? cellphone love story
74%
Wonderlands X Showtime - which of these is a covered song? dance orchestra
72%
Leo/need - which of these is a covered song? do not go
71%
More More Jump - which of these is a covered song? milk crown on sonechka
71%
Nightcord At 25:00 - which of these is a covered song? hated by life
69%
Vivid Bad Squad - which of these is a commisioned song? hollow
69%
random question - which of these is not a song on project sekai as of april 3rd 2024? dream-eating monochrome baku
42%
No matching quizzes found
Score Distribution
Percent of People with Each Score
Percentile by Number Answered
Your Score History
You have not taken this quiz